000 00783nab a2200253u 4500
001 07722
003 HDC
007 c| |||a|c|aaaa
008 210128b20160217my ||||| |||| 00| 0 eng d
040 _aHDC
245 0 _aHalal logo best guide for consumers, says Jakim D-G
336 _atext
_2rdacontent
337 _acomputer
_2rdamedia
338 _aonline resource
_2rdacarrier
650 _ahalal certification
_9753
650 _aJAKIM
_97825
650 _ano pork
_97802
650 _apork-free
_97803
710 _aNew Straits Times
856 _zRequest full-text at [email protected]
942 _2lcc
942 _cNEWS
942 _kNWSC 001419
999 _c5045
_d5045